000 00633nam a2200241Ia 4500
003 OSt
005 20221005035034.0
006 a|||||r|||| 00| 0
007 ta
008 221004b |||||||| |||| 00| 0 eng d
024 _a29320
037 _cTextual
040 _aCRL
_cCRL
_beng
041 _2eng
_aeng
082 _aH52.2, L3-;1
100 _aGupta V J
245 0 _aIndian palaeozoic stratigraphy
260 _aDelhi
_bHindustan Publishing
_c1973
300 _a207p
_ccm.
650 _aMINES AND MINERAL RESOURCES
_920940
942 _hH52.2, L3-;1
_cTEXL
_2cc
999 _c944524
_d944524